000 00989nam a22001817a 4500
008 100413t xxu||||| |||| 00| 0 eng d
020 _a9953450455
082 _222
_a320.956
_bن ق ى
100 _913479
_aالنقيب , خلدون حسن
245 _aالدولة التسلطية فى المشرق العربى المعاصر :
_bدراسة بنائية مقارنة /
_cخلدون محمد حسن النقيب
260 _aبيروت :
_bمركز دراسات الوحدة العربية ،2004.
_c2004.
300 _a371 ص؛
_c24 سم.
504 _6يحتوى على ببليوجرافية :ص373- 405 وكشاف
651 _913680
_aالعالم العربي
_xالأحوال الاجتماعية
651 _913700
_aالعالم العربي
_xالأحوال السياسية
942 _2ddc
_cBB
999 _c13881
_d13881